Marketing športového klubu bakalárska práca

Guardado en:
Detalles Bibliográficos
Autor principal: Miladinovič, Alexandra
Autor Corporativo: Obchodná fakulta EU. Katedra marketingu
Otros Autores: Krescanková, Michaela
Formato: Libro
Lenguaje:eslovaco
Publicado: Bratislava 2014
Etiquetas: Agregar Etiqueta
Sin Etiquetas, Sea el primero en etiquetar este registro!

MARC

LEADER 00000nbm a2200000 4500
001 0188202
005 20170201100518.4
041 0 |a slo 
044 |a SK 
245 1 0 |a Marketing športového klubu  |b bakalárska práca  |c Alexandra Miladinovič ; školiteľ: Michaela Krescanková 
264 1 |a Bratislava  |c 2014 
300 |a 49 s. 
100 1 |a Miladinovič, Alexandra 
700 1 |a Krescanková, Michaela 
710 2 |a Obchodná fakulta EU. Katedra marketingu